[Event "Staufer op 21st"]
[Site "Schwaebisch Gmuend"]
[Date "2009.01.02"]
[Round "1"]
[White "Wittke, Thomas"]
[Black "Metz, Hartmut"]
[Result "0-1"]
[WhiteElo "1851"]
[BlackElo "2298"]
[PlyCount "62"]
[EventDate "2009.01.02"]
[EventType "swiss"]
[EventRounds "9"]
[EventCountry "GER"]
[SourceTitle "CBM 128 Extra"]
[Source "ChessBase"]
[SourceDate "2009.03.05"]
[SourceVersion "2"]
[SourceVersionDate "2009.03.25"]
[SourceQuality "1"]

1. e4 c6 2. d4 d5 3. e5 Bf5 4. Nc3 e6 5. g4 Bg6 6. Nge2 c5 7. h4 h5 8. g5 Nc6 9. a3 Nge7 10. Bh3 cxd4 11. Nxd4 Nxd4 12. Qxd4 Nc6 13. Qa4 a6 14. Ne2 b5 15. Qb3 Nxe5 16. Nf4 Be4 17. Bg2 Qc7 18. Bxe4 dxe4 19. g6 Nf3+ 20. Kf1 Nd4 21. gxf7+ Kxf7 22. Qg3 Rh6 23. Nxh5 Qc4+ 24. Kg2 Rxh5 25. Be3 Nf5 26. Qg4 Nxe3+ 27. fxe3 Qxc2+ 28. Kh3 Rf5 29. Raf1 Rf3+ 30. Rxf3+ exf3 31. Qxf3+ Qf5+ 0-1